| 000 | 00999nam0a22002651 4500 | ||
|---|---|---|---|
| 001 | rc\4422492 | ||
| 005 | 20250612080506.0 | ||
| 021 |
_aRU _b[66-84234] |
||
| 035 | _a(NLR Aleph) 008571091 | ||
| 090 |
_a8525949 _c8525949 |
||
| 100 | _a20130416d1966 |||y0rusy50 ca | ||
| 101 | 0 | _arus | |
| 102 | _aRU | ||
| 105 | _ay z ||||| | ||
| 200 | 1 |
_aКонспект лекций по основам сопротивления пластических масс _fМ-во высш. и сред. спец. образования УССР. Одес. политехн. ин-т. Кафедра сопротивления фак. ПТМ |
|
| 210 |
_aОдесса _cБ. и. _d1966 |
||
| 215 |
_a62 с. _d22 |
||
| 333 | _aНа правах рукописи | ||
| 606 |
_aПластмассы _xФизико-механические свойства _2psbo |
||
| 700 | 1 |
_aЗелюкова _bР.В. |
|
| 801 | 0 |
_aRU _bNLR _gpsbo |
|
| 801 | 1 |
_aRU _bELAR _2rusmarc |
|
| 852 |
_aNLR _j66-6/11743 |
||
| 942 | _cBOOK | ||
| 980 | _aNB | ||